Arritmias cardiacas / (Record no. 57747)

MARC details
000 -LEADER
campo de control de longitud fija 00869nam a2200241 i 4500
001 - NÚMERO DE CONTROL
campo de control 57747
003 - IDENTIFICADOR DE NÚMERO DE CONTROL
campo de control ES-MaACL
005 - FECHA Y HORA DE LA ÚLTIMA TRANSACCIÓN
campo de control 20250810185110.0
007 - CAMPO FIJO DE DESCRIPCIÓN FÍSICA--INFORMACIÓN GENERAL
campo de control de longitud fija t|
008 - DATOS DE LONGITUD FIJA--INFORMACIÓN GENERAL
campo de control de longitud fija 031017s1971 sp ||||1| spa d
100 1# - ENTRADA PRINCIPAL--NOMBRE DE PERSONA
Nombre de persona Dreifus, Leonard S.
9 (RLIN) 45596
245 10 - MENCIÓN DEL TÍTULO
Título Arritmias cardiacas /
Mención de responsabilidad, etc. directores, William Likoff ; director asociado, John H. Moyer ; prólogo C. Gausí Gené y J. Soler Soler ; [versión M. Román Castillo y A. Bayés de Luna].
260 ## - PUBLICACIÓN, DISTRIBUCIÓN, ETC.
Lugar de publicación, distribución, etc. Barcelona :
Nombre del editor, distribuidor, etc. Ed. Científico-Médica,
Fecha de publicación, distribución, etc. 1971.
300 ## - DESCRIPCIÓN FÍSICA
Extensión XX, 856 p. :
Otras características físicas il. ;
Dimensiones 25 cm.
700 1# - ENTRADA AGREGADA--NOMBRE PERSONAL
Nombre de persona Likoff, William.
9 (RLIN) 72281
700 1# - ENTRADA AGREGADA--NOMBRE PERSONAL
Nombre de persona Moyer, John H.
9 (RLIN) 83990
700 1# - ENTRADA AGREGADA--NOMBRE PERSONAL
Nombre de persona Gausi Gené, C.
9 (RLIN) 203591
700 1# - ENTRADA AGREGADA--NOMBRE PERSONAL
Nombre de persona Soler Soler, J.
9 (RLIN) 107194
700 1# - ENTRADA AGREGADA--NOMBRE PERSONAL
Nombre de persona Román Castillo, M.
9 (RLIN) 99222
700 1# - ENTRADA AGREGADA--NOMBRE PERSONAL
Nombre de persona Bayés de Luna, A.,
Fechas asociadas al nombre 1936-
9 (RLIN) 26662
852 ## - LOCALIZACIÓN
Ubicación ES-MaACL
Número de control de estantería C-37347
Sublocalización o colección R.77084
Holdings
Estatus retirado Estado de pérdida Estado de daño No para préstamo Biblioteca de origen Biblioteca actual Ubicación en estantería Fecha de adquisición Fuente de adquisición Total de préstamos Signatura topográfica completa Código de barras Visto por última vez Precio de reemplazo Tipo de ítem Koha
        Biblioteca del Ateneo de Madrid Biblioteca del Ateneo de Madrid Depósito 2 17/01/2008     C-37347 1060616 23/02/2023 23/02/2023 Libro impreso